Seminaire de theorie du potentiel, Paris, no. 7

Αποθηκεύτηκε σε:
Λεπτομέρειες βιβλιογραφικής εγγραφής
Συγγραφή απο Οργανισμό/Αρχή: Seminaire de Theorie du Potentiel
Άλλοι συγγραφείς: Hirsch, Francis (Επιμελητής έκδοσης), Mokobodzki, G. (Gabriel) (Επιμελητής έκδοσης)
Μορφή: Πρακτικό Συνεδρίου Βιβλίο
Γλώσσα:French
Δημοσίευση: Berlin : Springer-Verlag, 1984.
Σειρά:Lecture notes in mathematics (Springer-Verlag) ; 1061
Θέματα:
Ετικέτες: Προσθήκη ετικέτας
Δεν υπάρχουν, Καταχωρήστε ετικέτα πρώτοι!

MARC

LEADER 00000cam a2200000 i 4500
001 1/61493
008 941103s1984 gw ||| | fre||
020 |a 3540133380 
035 |a 1993  |l 10046445 
040 |a GR-MyUA  |b gre  |e AACR2 
041 0 |a fre 
082 0 |a 515.7  
111 0 |a Seminaire de Theorie du Potentiel. 
245 1 0 |a Seminaire de theorie du potentiel, Paris, no. 7 /   |c redacteurs: F. Hirsch et G. Mokobodzki.  
260 |a Berlin :   |b Springer-Verlag,   |c 1984.  
300 |a iv, 281 σ. ;   |c 25 εκ.  
490 1 |a (Lecture notes in mathematics (Springer-Verlag)   |v ; 1061) 
500 |a Περιέχει βιβλιογραφικές αναφορές.  
650 0 0 |a Potential theory (Mathematics)  |x Congresses. 
700 1 |a Hirsch, Francis,  |e edt 
700 1 |a Mokobodzki, G.   |q (Gabriel)  |e edt 
830 0 |a Lecture notes in mathematics (Springer-Verlag)  |v  ; 1061 
852 |a INST  |b SAMOS  |e 19941103  |h 515.7 SEM  |p 005300007022  |q 005300007022  |t BK  |y 0 
909 |a Σ  |b 028924